00555cam a22002297a 4500003000500000005001700005008004100022010001000063011001000073035001000083040000900093082001600102100002100118245002900139260003700168300001100205650003500216650002100251650002100272650001100293700002100304CHAP20220329134548.0971013s1946 r 00010 d a22238 a23210 a27305 cCHAP a368.01bD8200aDublin, Louis I.14aThe money value of a man aNew York :bRonald, Press,c1946 a214 p.14aCostos y nivel de vidaxE.U.A.14aSalariosxE.U.A.14aSeguros de vida.14aValor.0 aLotka, Alfred J.